UBT Library

An introduction to the legal system of the United States / (Record no. 42172)

000 -LEADER
fixed length control field 00632pam a2200229 a 4500
001 - CONTROL NUMBER
control field 933938
005 - DATE AND TIME OF LATEST TRANSACTION
control field 20180208090758.0
008 - FIXED-LENGTH DATA ELEMENTS--GENERAL INFORMATION
fixed length control field 830727s1983 nyu b 001 0 eng
010 ## - LIBRARY OF CONGRESS CONTROL NUMBER
LC control number 83015405
020 ## - INTERNATIONAL STANDARD BOOK NUMBER
International Standard Book Number 0379207206 :
Terms of availability $17.50
040 ## - CATALOGING SOURCE
Original cataloging agency DLC
Transcribing agency DLC
Modifying agency DLC
041 ## - LANGUAGE CODE
Language code of text/sound track or separate title eng
043 ## - GEOGRAPHIC AREA CODE
Geographic area code n-us---
080 ## - UNIVERSAL DECIMAL CLASSIFICATION NUMBER
Universal Decimal Classification number 349.73 FAR
082 00 - DEWEY DECIMAL CLASSIFICATION NUMBER
Classification number 349.73 FAR
-- 347.3
Edition number 19
100 1# - Rafti
Rafti 15
101 ## - Shkurtesa
Shkurtesa JUR
245 13 - TITLE STATEMENT
Title An introduction to the legal system of the United States /
Statement of responsibility, etc by E. Allan Farnsworth.
504 ## - BIBLIOGRAPHY, ETC. NOTE
Bibliography, etc Includes bibliographies and index.
906 ## - LOCAL DATA ELEMENT F, LDF (RLIN)
a 7
b cbc
c orignew
d 1
e ocip
f 19
g y-gencatlg
942 ## - ADDED ENTRY ELEMENTS (KOHA)
Source of classification or shelving scheme
Item type Books
Holdings
Withdrawn status Lost status Source of classification or shelving scheme Damaged status Not for loan Collection code Permanent location Current location Shelving location Date acquired Total Checkouts Full call number Barcode Date last seen Price effective from Koha item type
          Koleksioni i përgjithshem UBT - Lipjan UBT - Lipjan Koleksioni i përgjithshem 02/08/2018   349.73 FAR 002-2998898 02/08/2018 02/08/2018 Books
UBT Library © 2015-2024. All rights reserved University Education for Business and Technology